Ideias e instituições no império : (Record no. 1327)

MARC details
000 -LÍDER
Campo Fixo de Controle 00897nam a2200265 a 4500
001 - NÚMERO DE CONTROLE
Campo de Controle 1327
003 - IDENTIFICAÇÃO DO NÚMERO DE CONTROLE
Campo de Controle BR-CuiBMT
005 - DATA E HORA DA ÚLTIMA ATUALIZAÇÃO
Campo de Controle 20231205030523.0
008 - DADOS FIXOS
Dados Fixos 231201s2011 dfba 001 0 por d
020 ## - INTERNATIONAL STANDARD BOOK NUMBER
Nº do ISBN 9788570182784
040 ## - AGÊNCIA CATALOGADORA
Código da Agência Catalogadora BR-CuiBMT
Agência que transcreveu o registro BR-CuiBMT
080 ## - Nº DA CLASSIFICAÇÃO DECIMAL UNIVERSAL
Nº Class. CDU 94
Subd. Auxiliar Comum (81).044/.046
Nº edição CDU 2007
090 ## - NÚMERO DE CHAMADA
Nº classificação 94(81).044/.046
Cutter A366i
100 1# - ENTRADA PRINCIPAL -- AUTOR PESSOAL
Nome pessoal Alecrim, Otacílio
Datas associadas ao nome 1906-1968
245 10 - TÍTULO PRINCIPAL
Título principal Ideias e instituições no império :
Subtítulo influências francesas /
Indicação de responsabilidade Otacílio Alecrim.
260 ## - PUBLICAÇÃO, DISTRIBUIÇÃO, ETC.
Local de publicação Brasília :
Editora Senado Federal :
-- Conselho Editorial,
Data 2011.
300 ## - DESCRIÇÃO FÍSICA
N. páginas ou volumes 186 p. :
Ilustrações il. ;
Dimensões 23 cm
490 1# - INDICAÇÃO DE SÉRIE
Título da série Coleção edições do Senado Federal ;
Volume/designação sequencial da série v. 136
504 ## - NOTA DE BIBLIOGRAFIA, ETC.
Nota de bibliografia Inclui índice.
650 ## - ASSUNTO TÓPICO
Cabeçalho tópico ou nome geográfico Direito constitucional
Subdivisão geográfica Brasil
650 ## - ASSUNTO TÓPICO
Cabeçalho tópico ou nome geográfico Assembléia constituinte
Subdivisão geográfica Brasil
Subdivisão cronológica 1924
650 ## - ASSUNTO TÓPICO
Cabeçalho tópico ou nome geográfico Constituição
Subdivisão cronológica 1824
Subdivisão geográfica Brasil
830 #0 - ENTRADA SECUNDÁRIA DE SÉRIE -- TÍTULO UNIFORME
Título uniforme Edições do Senado Federal ;
Nº do volume/designação sequencial da série 136
942 ## - ELEMENTOS DE ENTRADA ADICIONAIS (KOHA)
Fonte de classificação ou esquema de arquivamento Classificação Decimal Universal
Tipo de item do Koha Livros
Holdings
Estado: removido Estado: perdido Fonte de classificação ou esquema de arquivamento Estado: danificado Indisponível para empréstimo Localização permanente Localização atual Data de aquisição Total Checkouts Número de Chamada completo Código de barras Date last seen Número do exemplar Preço efetivo a partir de Tipo de item (Koha)
    Classificação Decimal Universal     Biblioteca da Escola Superior de Contas do TCE/MT Biblioteca da Escola Superior de Contas do TCE/MT 03/12/2023   94(81).044/.046 A366i BIBTCEMT23120172 05/12/2023 Ex. 1 05/12/2023 Livros

Powered by Koha